000
00347nam a2200169Ia 4500
100
_a
Sierra/kathy/ Bates/Bert
650
_a
Java
250
_a
2
942
_c
BK
366
_f
17.5
654
_a
java
245
_a
Head first java
260
_b
Oreilly
_a
New Delhi
_c
2003
082
_a
005.133/SIE
_b
SIE
300
_a
688
546
_a
ENGLISH
999
_c
29812
_d
29812